Knowledge management : (Record no. 11117)
[ view plain ]
| 000 -LEADER | |
|---|---|
| fixed length control field | 00918cam a22002654a 4500 |
| 001 - CONTROL NUMBER | |
| control field | 13299707 |
| 005 - DATE AND TIME OF LATEST TRANSACTION | |
| control field | 20201124143123.0 |
| 006 - FIXED-LENGTH DATA ELEMENTS--ADDITIONAL MATERIAL CHARACTERISTICS--GENERAL INFORMATION | |
| fixed length control field | a||||f ||z| 00| 0 |
| 008 - FIXED-LENGTH DATA ELEMENTS--GENERAL INFORMATION | |
| fixed length control field | 030804s2004 njua b 001 0 eng |
| 010 ## - LIBRARY OF CONGRESS CONTROL NUMBER | |
| LC control number | 2003058249 |
| 020 ## - INTERNATIONAL STANDARD BOOK NUMBER | |
| International Standard Book Number | 0131016067 (case) |
| 040 ## - CATALOGING SOURCE | |
| Original cataloging agency | DLC |
| Transcribing agency | DLC |
| Modifying agency | DLC |
| 042 ## - AUTHENTICATION CODE | |
| Authentication code | pcc |
| 050 00 - LIBRARY OF CONGRESS CALL NUMBER | |
| Classification number | HD30.2 |
| Item number | .B437 2004 |
| 082 00 - DEWEY DECIMAL CLASSIFICATION NUMBER | |
| Classification number | 658.4038 |
| Edition number | 22 |
| Item number | BEC |
| 245 10 - TITLE STATEMENT | |
| Title | Knowledge management : |
| Remainder of title | challenges, solutions, and technologies / |
| Statement of responsibility, etc | Irma Becerra-Fernandez, Avelino Gonzalez, Rajiv Sabherwal. |
| 260 ## - PUBLICATION, DISTRIBUTION, ETC. (IMPRINT) | |
| Place of publication, distribution, etc | Upper Saddle River, N.J. : |
| Name of publisher, distributor, etc | Pearson/Prentice Hall, |
| Date of publication, distribution, etc | c2004. |
| 300 ## - PHYSICAL DESCRIPTION | |
| Extent | xix, 386 p. : |
| Other physical details | ill. ; |
| Dimensions | 24 cm. |
| 504 ## - BIBLIOGRAPHY, ETC. NOTE | |
| Bibliography, etc | Includes bibliographical references and index. |
| 651 ## - SUBJECT ADDED ENTRY--GEOGRAPHIC NAME | |
| Source of heading or term | BUEsh |
| 653 ## - INDEX TERM--UNCONTROLLED | |
| Resource For college | BAEPS, Business Administration |
| 655 ## - INDEX TERM--GENRE/FORM | |
| Form subdivision | Text book |
| -- | 33728 |
| 942 ## - ADDED ENTRY ELEMENTS (KOHA) | |
| Source of classification or shelving scheme | Dewey Decimal Classification |
| Item type | NB - Book (Non borrowing) |
| Withdrawn status | Item status | Source of classification or shelving scheme | Materials specified (bound volume or other part) | Damaged status | Not for loan | Vendor | Home library | Current library | Shelving location | Date acquired | Total Checkouts | Full call number | Barcode | Date last seen | Date last borrowed | Koha item type | Source of acquisition | Total Renewals | Checked out |
|---|---|---|---|---|---|---|---|---|---|---|---|---|---|---|---|---|---|---|---|
| Dewey Decimal Classification | BOX05 | Damaged | Baccah | Central Library | Central Library | First floor | 25/03/2009 | 8 | 658.4038 BEC | 000015704 | 15/07/2025 | 24/11/2013 | NB - Book (Non borrowing) | ||||||
| Dewey Decimal Classification | Baccah | Central Library | Central Library | First floor | 25/03/2009 | 15 | 658.4038 BEC | 000015705 | 15/07/2025 | 04/10/2016 | Book - Borrowing | Purchase | 12 | ||||||
| Dewey Decimal Classification | Baccah | Central Library | Central Library | First floor | 25/03/2009 | 25 | 658.4038 BEC | 000015707 | 15/07/2025 | 02/01/2022 | Book - Borrowing | 51 | |||||||
| Dewey Decimal Classification | Baccah | Central Library | Central Library | First floor | 25/03/2009 | 658.4038 BEC | 000015708 | 24/08/2022 | NB - Book (Non borrowing) | ||||||||||
| Dewey Decimal Classification | Baccah | Central Library | Central Library | First floor | 25/03/2009 | 1 | 658.4038 BEC | 000015713 | 11/06/2015 | 11/06/2015 | CD | DVD - With book | 16/09/2015 | |||||||
| Dewey Decimal Classification | Baccah | Central Library | Central Library | First floor | 25/03/2009 | 658.4038 BEC | 000015710 | 24/08/2022 | CD | DVD - With book (NB) |